000 00778nam a22002897a 4500
001 079
003 DO-SdBNP
005 20151102144641.0
007 079
008 151005b1987 sp 00| 0 spa d
020 _a8475304001
040 _aBPMSU
_bspa
_cBPMSU
092 _aXXXX
_bXXXX
100 1 _aConan Doyle, Arthur
240 1 0 _aMemoris of Sherlock Holmes /
_leng
245 1 0 _aMemorias de Sherlock Holmes /
_cArthur Conan Doyle ; traducción Armando Lázaro Ros
260 _aBarcelona :
_bOrbis,
_c1987.
300 _a189 p. :
_c18 cm.
490 1 _aEl observador
_v22
490 1 _aSherlock Holmes
700 1 2 _aLázaro Ros, Armando
_etrad.
830 0 _aEl observador
_n19
830 0 _aSherlock Holmes
910 _a202
942 _2ddc
_cBK
956 _aYngrid Lockward
999 _c8507
_d8507